| 000 | 00977nam#a2200301#a#4500 | ||
|---|---|---|---|
| 001 | vtls000535957 | ||
| 003 | NLI | ||
| 005 | 20210603145120.0 | ||
| 008 | 110308s1913 ii 000 0 eng | ||
| 039 | 9 |
_y201103081908 _zDatasoft |
|
| 040 | 0 |
_aNLI _beng _cRetro_DSC 1 _eAACR2 |
|
| 041 | 0 | _aeng | |
| 044 | _aii | ||
| 082 | 0 | 4 | _a338.1736 |
| 100 | 1 |
_aChatterji, Haridas _9270611 |
|
| 245 | 1 | 0 |
_aDate suger industry and agriculture on improved lines on co-operative credit basis in central India and in the central provences / _cby Haridas Chatterji |
| 260 |
_aCalcutta : _bB. N. Das, _c1913 |
||
| 300 |
_a72 p. ; _c19 cm. |
||
| 650 | 0 |
_aAgriculture and state _zIndia _95417 |
|
| 650 | 0 |
_aAgriculture _xEconomic aspects _zIndia |
|
| 710 | 2 | _aAsutosh Collection (National Library, India) | |
| 887 | _a | ||
| 901 |
_a24366 _b01.12.1960 |
||
| 902 | _aA.C 338.1736 C | ||
| 942 |
_2ddc _cBKS |
||
| 949 |
_AVIRTUAITEM _D10000 _X100 _6GAC000024366ENG |
||
| 999 |
_aVIRTUA40 _c454352 _d454352 |
||